Music Quiz

Random Music or Lyrics Quiz

The Carpal Tunnel of Love Lyrics - Fall Out Boy Quiz Stats

 Plays Quiz not verified by Sporcle

Challenge
Share
Tweet
Embed
Score 0/33 Timer 07:00
0 Plays Today
Lyrics Next Lyrics % Correct
We take sour sips from life's lush lips
91.7%
And we shake, shake, shakethe hips in relationships
88.9%
And we might've startedsinging just a little soon
73.1%
Stomp outthis disaster town
72.2%
Whoa ohwe're so miserable and stunning
71.3%
Whoa ohwe're so miserable and stunning
71.3%
Whoa ohwe're so miserable and stunning
71.3%
Whoa oh we're so miserable and stunning
71.3%
Whoa ohwe're so miserable and stunning
71.3%
Whoa oh, we keep the beatwith your blistered feet
66.7%
You'll put your eyes to the sunand say I know
60.2%
Slept through the weekendand dreaming
55.6%
You're only blinding to keep backwhat the clouds are hiding
54.6%
We're throwing stonesat a glass moon
54.6%
(Stomp out thisdisaster town)
53.7%
Whoa ohlove songs for the genuinely cunning
45.4%
And we bullet the wordsat the mockingbirds singing
45.4%
Lyrics Next Lyrics % Correct
Whoa ohlove songs for the genuinely cunning
45.4%
Whoa ohlove songs for the genuinely cunning
45.4%
Whoa ohlove songs for the genuinely cunning
45.4%
Whoa ohlove songs for the genuinely cunning
45.4%
We might've saidgoodbyes just a little soon
40.7%
Ohh, it was ice cream headachesand sweet avalanche
39.8%
Sharpening the knivesof young wives
35.2%
We're the has-beensof husbands
30.6%
Of sinking with the melodyof the cliffs of eternity
29.6%
Take two years and call me when you're better
27.8%
Take teardrops of minefind yourself wetter
27.8%
Got postcardsfrom my former selves saying 'How've you been?'
24.1%
When the pearls in our shells got up to dance
24.1%
Tired yawns for fawns on hunters' lawns
23.1%
Robbing lips kissing banks under this moon
22.2%
You call me abad tipper of the cradle
22.2%

You're not logged in!

Compare scores with friends on all Sporcle quizzes.
Join for Free
OR
Log In

You Might Also Like...

Show Comments

Extras

Created Jul 15, 2014ReportNominate
Tags:Lyrics Quiz, Fall Out Boy

Top Quizzes Today


Score Distribution

Your Account Isn't Verified!

In order to create a playlist on Sporcle, you need to verify the email address you used during registration. Go to your Sporcle Settings to finish the process.

Report this User

Report this user for behavior that violates our Community Guidelines.

Details: